Catalog

Record Details

Catalog Search



Location Based Services and TeleCartography II From Sensor Fusion to Context Models  Cover Image E-book E-book

Location Based Services and TeleCartography II [electronic resource] : From Sensor Fusion to Context Models / edited by Georg Gartner, Karl Rehrl.

Gartner, Georg. (editor.). Rehrl, Karl. (editor.). SpringerLink (Online service) (Added Author).

Record details

  • ISBN: 9783540873938
  • Physical Description: online resource.
  • Publisher: Berlin, Heidelberg : Springer Berlin Heidelberg, 2009.
Subject: Geography.
Geographical information systems.
Geography.
Geographical Information Systems/Cartography.
Computer Applications in Geosciences.

Electronic resources


LDR 01716nam a22004215i 4500
00136725
003CONS
00520131219223619.0
007cr nn 008mamaa
008100301s2009 gw | s |||| 0|eng d
020 . ‡a9783540873938 ‡9978-3-540-87393-8
0247 . ‡a10.1007/978-3-540-87393-8 ‡2doi
035 . ‡a(DE-He213)978-3-540-87393-8
050 4. ‡aGA1-1776
072 7. ‡aRGW ‡2bicssc
072 7. ‡aSCI030000 ‡2bisacsh
072 7. ‡aTEC036000 ‡2bisacsh
1001 . ‡aGartner, Georg. ‡eeditor.
24510. ‡aLocation Based Services and TeleCartography II ‡h[electronic resource] : ‡bFrom Sensor Fusion to Context Models / ‡cedited by Georg Gartner, Karl Rehrl.
2463 . ‡a5th International Conference on Location Based Services and TeleCartography, 2008, Salzburg
264 1. ‡aBerlin, Heidelberg : ‡bSpringer Berlin Heidelberg, ‡c2009.
300 . ‡bonline resource.
336 . ‡atext ‡btxt ‡2rdacontent
337 . ‡acomputer ‡bc ‡2rdamedia
338 . ‡aonline resource ‡bcr ‡2rdacarrier
347 . ‡atext file ‡bPDF ‡2rda
4901 . ‡aLecture Notes in Geoinformation and Cartography, ‡x1863-2246
650 0. ‡aGeography.
650 0. ‡aGeographical information systems.
65014. ‡aGeography.
65024. ‡aGeographical Information Systems/Cartography.
65024. ‡aComputer Applications in Geosciences.
7001 . ‡aRehrl, Karl. ‡eeditor.
7102 . ‡aSpringerLink (Online service)
7730 . ‡tSpringer eBooks
77608. ‡iPrinted edition: ‡z9783540873921
830 0. ‡aLecture Notes in Geoinformation and Cartography, ‡x1863-2246
85640. ‡uhttp://biblioteca.ipicyt.edu.mx:2048/login?url=http://dx.doi.org/10.1007/978-3-540-87393-8 ‡yTexto completo ‡9CONS
950 . ‡aEarth and Environmental Science (Springer-11646)
901 . ‡a36725 ‡b ‡c36725 ‡tbiblio ‡sSystem Local

Additional Resources